Histoire de Colbert et sou administration / (Record no. 44461)

MARC details
000 -LEADER
campo de control de longitud fija 00645nam a2200205 i 4500
001 - NÚMERO DE CONTROL
campo de control 44461
003 - IDENTIFICADOR DE NÚMERO DE CONTROL
campo de control ES-MaACL
005 - FECHA Y HORA DE LA ÚLTIMA TRANSACCIÓN
campo de control 20251003170627.0
007 - CAMPO FIJO DE DESCRIPCIÓN FÍSICA--INFORMACIÓN GENERAL
campo de control de longitud fija t|
008 - DATOS DE LONGITUD FIJA--INFORMACIÓN GENERAL
campo de control de longitud fija 030321s1892 fr ||||1| fre d
100 1# - ENTRADA PRINCIPAL--NOMBRE DE PERSONA
Nombre de persona Clément, Pierre.
9 (RLIN) 39186
245 10 - MENCIÓN DEL TÍTULO
Título Histoire de Colbert et sou administration /
Mención de responsabilidad, etc. par Pierre Clément ; precedee amé preface par M.A. Geffroy.
250 ## - MENCION DE EDICION
Mención de edición 3eme ed.
260 ## - PUBLICACIÓN, DISTRIBUCIÓN, ETC.
Lugar de publicación, distribución, etc. [S.l. :
Nombre del editor, distribuidor, etc. s.n.,
Fecha de publicación, distribución, etc. 1892] (
Lugar de fabricación/manufactura Lagny :
Fabricante E. Colin)
300 ## - DESCRIPCIÓN FÍSICA
Extensión 2 v. ;
Dimensiones 19 cm.
600 14 - PUNTO DE ACCESO ADICIONAL DE MATERIA--NOMBRE DE PERSONA
Nombre de persona Colbert, Jean-Baptiste.
9 (RLIN) 155916
700 1# - ENTRADA AGREGADA--NOMBRE PERSONAL
Nombre de persona Geffroy, Auguste,
Fechas asociadas al nombre 1820-1895
9 (RLIN) 127273
852 ## - LOCALIZACIÓN
Ubicación ES-MaACL
Número de control de estantería F-2994-95
Holdings
Estatus retirado Estado de pérdida Estado de daño No para préstamo Colección Biblioteca de origen Biblioteca actual Ubicación en estantería Fecha de adquisición Fuente de adquisición Total de préstamos Signatura topográfica completa Código de barras Visto por última vez Precio de reemplazo Tipo de ítem Koha
        Libros del s. XIX Biblioteca del Ateneo de Madrid Biblioteca del Ateneo de Madrid Depósito 2 17/01/2008     F-2994-95 1046790 23/02/2023 23/02/2023 Libro impreso antiguo